000 00674nam a2200181 a 4500
008 110915s1985 ||||||||||||||||| || u
020 _a0721616453
050 _aR 121 Dor
100 _aDorland, William Alexander Newman, 1864 - 1956
245 1 0 _aDorland's illustrated medical dictionary.-- 26th ed.
250 _a26th ed.
260 _aPhiladelphia, PA
_bW.B. Saunders
_c1985
300 _axxix, 1485p.: ill.
350 _a0.00
650 _aMEDICINE
650 _aMEDICINE--DICTIONARIES
995 _aMICHAEL CHILUFYA SATA OPEN ACCESS
_D0.00
_e901095
_FCBU-SCHOOL OF MEDICINE LIBRARY (Ndola)
_H1
_I0.00
_jR 121 DOR
_M1
_UREFERENCE
_WOct 11, 2011
_y901095
_ZReference Collection
999 _c31290
_d31290